| 000 | 01454nam a2200277 a 4500 | ||
|---|---|---|---|
| 001 | 000039263 | ||
| 005 | 20201002031552.0 | ||
| 008 | 081212s1998 dr a 000 0 spa d | ||
| 020 | _z9993445037 | ||
| 040 |
_aDO-SdBNP _bspa _bBNPHU |
||
| 082 |
_a461 _bG216o, 1998 |
||
| 100 | 1 |
_aGarcía Molina, Bartolo _96 |
|
| 245 | 1 | 0 |
_aOrtografía inferencial y operativa / _cBartolo García Molina ; prólogo Mírian Gutiérrez Pérez ;. |
| 250 | _a4a ed. | ||
| 260 |
_aSanto Domingo : _bUniversidad Católica Santo Domingo, _c1998. |
||
| 300 |
_a267 p. ; _c21 cm. |
||
| 490 | 1 |
_aComunicación _v2 |
|
| 505 | 0 |
_tPrólogo -- _tIntroducción -- _tOrígines de la faltas ortográficas -- _tLa acentuación -- _tUso de las mayúsculas -- _tInferencias sobre B-V -- _tInferencias sobre G -- _tInferencias sobre S-C-Z -- _tInferencias sobre LL-Y -- _tInferencias sobre la H -- _tInferencias sobre la X -- _tLos nombre propios -- _tOrtografía sintagmática (la concordancia) -- _tLos verbos irregulares -- _tOrtografía sintagmática (los signos de puntuación) -- _tTemas teóricos prácticos de ortografía -- _tAutoevaluación general -- _tBibliografía-- |
|
| 504 | _aBibliografía : p. 265-267 | ||
| 590 | _aInventariado, 2018/LP | ||
| 650 | 4 |
_aEspañol _xOrtografía _91453 |
|
| 650 | 4 |
_aEspañol _xOrtografía _xEnseñanza _91228 |
|
| 700 | 1 | 2 |
_aGutiérrez Pérez, Mírian, _epról. _912739 |
| 830 | 0 |
_aComunicación ; _n2 _965463 |
|
| 910 | _aValidado. Control de calidad MFF | ||
| 999 |
_c38753 _d38753 |
||